| 000 | 00452nam a22001697a 4500 | ||
|---|---|---|---|
| 005 | 20180209121701.0 | ||
| 008 | 160429b xxu||||| |||| 00| 0 eng d | ||
| 020 | _a9-81412637-3 | ||
| 041 | _aeng | ||
| 082 |
_b00782 _a005.74 |
||
| 100 |
_aWatson, Richard T. _9225 |
||
| 245 | _aData Management: Database and Organizations | ||
| 260 |
_aNew York _bJohn wilry & Sons, Inc, _c2002 |
||
| 300 | _a595 | ||
| 650 |
_aInformation Technology _9137 |
||
| 942 | _cBK | ||
| 999 |
_c254 _d254 |
||